Adresár knižnično-informačnej siete SAV /

Salvato in:
Dettagli Bibliografici
Altri autori: Čelková, Ľudmila (Compilatore)
Natura: Libro
Lingua:slovacco
Pubblicazione: Bratislava : Ústredná knižnica SAV, 1996
Soggetti:
Tags: Aggiungi Tag
Nessun Tag, puoi essere il primo ad aggiungerne!!

MARC

LEADER 00000nam a22000003a 4500
001 stu45656
005 20150617225716.4
008 970213s1996----cs------------------slo-d
020 |a 80-967250-7-6 
040 |a STU  |b slo 
041 0 |a slo 
044 |a cs 
080 |a 002.63(058) 
080 |a 061.12(437.6)SAV  |7 stu_us_auth*stu1651 
100 1 |a Čelková, Ľudmila  |4 com 
245 1 |a Adresár knižnično-informačnej siete SAV /  |c Zost. Ľudmila Čelková 
260 |a Bratislava :  |b Ústredná knižnica SAV,  |c 1996 
300 |a 87 s 
650 7 |a SAV  |2 stusub 
650 7 |a siete knižnično-informačné  |2 stusub 
650 7 |a ročenky  |2 stusub 
996 |b 284M026299  |c M*9497-1  |l MMKN  |s A  |a 24  |w stu45656_0001